Central Library OPAC University of Rajshahi

The industrial policy of Japan / (Record no. 45706)

MARC details
000 -LEADER
fixed length control field 00787nam a2200229 a 4500
001 - CONTROL NUMBER
control field 45706
003 - CONTROL NUMBER IDENTIFIER
rucl marc code BD-RjUL
005 - DATE AND TIME OF LATEST TRANSACTION
control field 20211209054045.0
008 - FIXED-LENGTH DATA ELEMENTS--GENERAL INFORMATION
fixed length control field 160727s1972 fr s i000 0 eng
035 ## - SYSTEM CONTROL NUMBER
System control number (BD-RjUL)45824
040 ## - CATALOGING SOURCE
Original cataloging agency DLC
Transcribing agency DLC
Modifying agency m.c
-- BD-RjUL
Language of cataloging eng
041 ## - LANGUAGE CODE
Language code of text/sound track or separate title eng
082 ## - DEWEY DECIMAL CLASSIFICATION NUMBER
Edition number 23
Classification number 338.952
Author mark and year IND 1972
110 2# - MAIN ENTRY--CORPORATE NAME
Corporate name or jurisdiction name as entry element Organisation for Economic Co-operation and Development.
9 (RLIN) 133874
245 14 - TITLE STATEMENT
Title The industrial policy of Japan /
Statement of responsibility, etc. Organisation for Economic Co-operation and Development.
260 ## - PUBLICATION, DISTRIBUTION, ETC. (IMPRINT)
Place of publication, distribution, etc. Paris :
Name of publisher, distributor, etc. Organisation for Economic Co-operation and Development,
Date of publication, distribution, etc. 1972
300 ## - PHYSICAL DESCRIPTION
Pagination 195 p. :
Illustrations ill. ;
Size 24 cm.
650 #0 - SUBJECT ADDED ENTRY--TOPICAL TERM
Topical term or geographic name as entry element Industries
Geographic subdivision Japan.
9 (RLIN) 132538
651 #0 - SUBJECT ADDED ENTRY--GEOGRAPHIC NAME
Geographic name Japan
General subdivision Manufactures
9 (RLIN) 139842
Geographic name Japan
General subdivision Economic policy
Chronological subdivision 1945-
9 (RLIN) 139843
942 ## - ADDED ENTRY ELEMENTS (KOHA)
Source of classification or shelving scheme Dewey Decimal Classification
Koha item type Books
Holdings
Lost status Source of classification or shelving scheme Damaged status Not for loan Collection code Permanent Location Current Location Shelving location Date acquired Source of acquisition Total Checkouts Full call number Date last seen Copy number Koha item type
  Dewey Decimal Classification     Non-fiction Central Library, University of Rajshahi Central Library, University of Rajshahi   25/04/1979 Japan Foundation, Gift   338.952 IND 1972 27/07/2016 C-2 Books